Fast Typing - Statistics

General Stats
  • This quiz has been taken 1,849 times
  • The average score is 27 of 50
Answer Stats
Answer % Correct
1 1
100%
2 2
97%
4 4
97%
3 3
96%
5 5
96%
7 7
96%
6 6
95%
8 8
94%
9 9
93%
10 10
88%
11 11
86%
12 12
83%
13 13
81%
14 14
81%
15 15
81%
16 16
79%
17 17
77%
18 18
75%
19 19
73%
21 21
72%
20 20
71%
22 22
64%
23 23
61%
24 24
58%
25 25
57%
26 26
55%
27 27
53%
28 28
49%
29 29
46%
31 31
42%
30 30
41%
32 32
36%
33 33
34%
34 34
30%
35 35
27%
36 36
25%
37 37
22%
38 38
21%
39 39
21%
40 40
18%
41 41
18%
42 42
14%
43 43
13%
44 44
11%
45 45
10%
50 50
8%
46 46
7%
47 47
7%
48 48
7%
49 49
7%
No matching quizzes found
Score Distribution
Percent of People with Each Score
Percentile by Number Answered
Your Score History
You have not taken this quiz